Geography Quiz

Random Geography or City Quiz

Wikipedia City Collages: France Quiz Stats

 Plays Quiz not verified by Sporcle

Score 0/15 Timer 07:00
0 Plays Today
% Correct
Paris
91.7%
Strasbourg
77.9%
Lyon
77.5%
Marseille
72.5%
Grenoble
68.1%
Bordeaux
62.3%
Toulouse
57.4%
Saint-√Čtienne
44.1%
% Correct
Toulon
39.2%
Rouen
37.7%
Montpellier
37.3%
Dijon
34.8%
Rennes
30.9%
Le Mans
26.5%
Angers
26%

You're not logged in!

Compare scores with friends on all Sporcle quizzes.
OR
Log In

Sporcle TV

Today on Sporcle TV


Watch our educational content, quiz creation guides, and fun videos on Sporcle TV.

Show Comments

Extras

Top Quizzes Today


Score Distribution

Your Account Isn't Verified!

In order to create a playlist on Sporcle, you need to verify the email address you used during registration. Go to your Sporcle Settings to finish the process.

Report this User

Report this user for behavior that violates our Community Guidelines.

Details: